01509 a2200169 45000010006000000050017000060080041000230030015000640400040000790800031001192450063001502500011002132640033002243000026002575051021002831000035013044543320260407155726.0260407a1992 arg spa dAR-UNSa-BCEJYS aAR-UNSa-BCEJYSbspacAR-UNSa-BCEJYS a349.2xDerecho del Trabajo10aElementos del derecho del trabajo y de la seguridad social a3a. ed 1aBuenos Aires :bAstreac1992 axxxix, 781 p.c20 cm. aParte I : Parte general : 1. Evolución del trabajo dirigido – 2. Introducción al derecho del trabajo – 3. Ámbitos del derecho del trabajo - - Parte II : Derecho individual del trabajo : 4. Contrato de trabajo. Elementos – 5. Derechos y obligaciones de las partes – 6. Modalidades del contrato de trabajo - 7. Remuneración – 8. Régimen legal del descanso – 9. Régimen de trabajo de mujeres y menores – 10. Suspensión de ciertos efectos del contrato de trabajo – 11. Transferencia del contrato de trabajo – 12. Extinción del contrato de trabajo – 13. Prescripción y caducidad - - Parte III : Derecho colectivo del trabajo : 14. Introducción – 15. Régimen legal de las asociaciones gremiales de trabajadores – 16. Negociación colectiva – 17. Régimen legal de convenios colectivos en la Argentina – 18. Conflictos colectivos de trabajo – 19. Medidas de acción directa - - Parte IV : Derecho de la seguridad social : 20. Parte general – 21. Parte especial. 1 aMartínez Vivot, Julio José